Đàm thoại tiếng Anh cho nhân viên bán hàng : Băng kèm sách
Na minha lista:
| Formato: | Livro |
|---|---|
| Idioma: | Undetermined |
| Publicado em: |
Thành phố Hồ Chí Minh
Nxb Thành phố Hồ Chí Minh
[2004]
|
| Assuntos: | |
| Tags: |
Adicionar Tag
Sem tags, seja o primeiro a adicionar uma tag!
|
| Thư viện lưu trữ: | Trung tâm Học liệu Trường Đại học Cần Thơ |
|---|
| LEADER | 00630nam a2200205Ia 4500 | ||
|---|---|---|---|
| 001 | CTU_102033 | ||
| 008 | 210402s9999 xx 000 0 und d | ||
| 020 | |c 12000 | ||
| 082 | |a 428.24 | ||
| 082 | |b Đ104 | ||
| 245 | 0 | |a Đàm thoại tiếng Anh cho nhân viên bán hàng : | |
| 245 | 0 | |b Băng kèm sách | |
| 245 | 0 | |c Nguyễn Thành Yến dịch | |
| 260 | |a Thành phố Hồ Chí Minh | ||
| 260 | |b Nxb Thành phố Hồ Chí Minh | ||
| 260 | |c [2004] | ||
| 650 | |a English language | ||
| 650 | |x Spoken english | ||
| 904 | |i M.Loan | ||
| 980 | |a Trung tâm Học liệu Trường Đại học Cần Thơ | ||